=LDR 00000nam 2200000 4500 =001 INLIS000000000038772 =005 20130612144431 =008 ***********************************Ind** =035 ##$$0010-061300000038772 =041 ##$$a Ind =082 ##$$a 813 =090 ##$$a 813, Rob l =100 ##$$a Robert, Caroline =245 ##$$a The lost Girl, Caroline Robert; Penyunting, Ritih Susanty =260 ##$$a 2007 $b Jakarta =300 ##$$a x,324 hlm, 20 cm =650 ##$$a fiksi =700 ##$$a Susanty, Ratih =850 ##$$a NBPNMAT =990 ##$$a 93596/BPAP-NTB/2014 =990 ##$$a 0001/BPAP-NTB/2016